000 00385nam a2200145 i 4500
001 bg
100 1 _aBOKUN, Zbigniew
245 0 _aRacjonalne przesłanki programowania i projektowania budynków wielorodzinnych /
_cZbigniew Bokun.
260 _aWrocław,
_c1975.
040 _cBPK
041 _apol
080 _a721:728
942 _cKS
008 s pl f |000 0 pol
999 _c16070
_d16070
856 _uhttp://koha.tu.koszalin.pl/cgi-bin/koha/opac-detail.pl?biblionumber=16070
_yKatalog online BPK